| 000 | 00808nam a2200277 i 4500 | ||
|---|---|---|---|
| 001 | bg | ||
| 100 | 1 |
_aMisiak, Jan _d(1942- ). |
|
| 245 | 1 | 0 |
_aMechanika ogólna. _nT. 2, _pDynamika / _cJan Misiak. |
| 250 | _aWyd. 6. | ||
| 260 |
_aWarszawa : _bWydawnictwa Naukowo-Techniczne, _c1997. |
||
| 300 |
_a220, [2] s. : _brys. wykr. ; _c24 cm. |
||
| 490 | 1 |
_aPodręczniki Akademickie. _pMechanika |
|
| 504 | _aBibliogr. | ||
| 650 | 9 | _aDynamika | |
| 655 | _aPodręczniki akademickie | ||
| 830 |
_aPodręczniki Akademickie. _pMechanika |
||
| 020 | _a8320421780 (t.2) | ||
| 020 | _a8320421772 (całość) | ||
| 040 | _cBPK | ||
| 041 | 0 | _apol | |
| 080 | _a531.3(075.8) | ||
| 920 | _a83-204-2178-0 (t.2) | ||
| 920 | _a83-204-2177-2 (całość) | ||
| 942 | _cKS | ||
| 008 | s pl f |000 0 pol | ||
| 999 |
_c44326 _d44326 |
||
| 856 |
_uhttp://koha.tu.koszalin.pl/cgi-bin/koha/opac-detail.pl?biblionumber=44326 _yKatalog online BPK |
||